Country Quiz- Ireland - Statistics

General Stats
  • This quiz has been taken 27 times
  • The average score is 7 of 14
Answer Stats
Questions Answers % Correct
What is the capital of Ireland? Dublin
100%
What currency is used in Ireland? Euro
96%
How many times has Ireland won Eurovision? 7
74%
What is the Irish (Gaeilge/Gaelic) name for Ireland? Éire
70%
Which Irish author wrote "Ulysses" in 1922? James Joyce
61%
What is the national symbol of Ireland? The Harp
61%
What is the biggest county by area? Cork
48%
What is the national dish? Irish Stew
48%
What is the longest river in Ireland? River Shannon
48%
Which type of violin originated in Ireland? Fiddle
39%
When did Ireland get independence? 29 December 1937
22%
What is the largest stadium in Ireland? Croke Park
22%
When was the Potato Famine? 1845-49
13%
Who is the Prime Minister (Taoiseach) of Ireland? Leo Varadkar
9%
No matching quizzes found
Score Distribution
Percent of People with Each Score
Percentile by Number Answered
Your Score History
You have not taken this quiz